[Event "Agneaux St Lo U16 op 21th"]
[Site "Agneaux"]
[Date "2019.07.06"]
[Round "1.1"]
[White "Grall, Kaelan"]
[Black "Navrotescu, Vlad Andrei"]
[Result "0-1"]
[WhiteElo "1521"]
[BlackElo "1967"]
[PlyCount "78"]
[EventDate "2019.07.06"]
[EventType "swiss"]
[EventRounds "9"]
[EventCountry "FRA"]
[SourceTitle "EXT 2020"]
[Source "ChessBase"]
[SourceDate "2019.10.17"]
[SourceVersion "1"]
[SourceVersionDate "2019.10.17"]
[SourceQuality "1"]

1. d4 Nf6 2. Bf4 g6 3. e3 Bg7 4. Nf3 d6 5. Be2 0-0 6. 0-0 Nbd7 7. Nbd2 Nh5 8. Bg3 b6 9. c3 Bb7 10. Qb3 Nxg3 11. fxg3 Bh6 12. Kf2 Nf6 13. h3 Nd5 14. e4 Be3+ 15. Ke1 Nf6 16. Bd3 Nh5 17. Ke2 Bxd2 18. Kxd2 Nxg3 19. Rfe1 e5 20. d5 f5 21. c4 Bc8 22. Kc1 fxe4 23. Bxe4 Rf4 24. Nd2 Qg5 25. Qe3 Nxe4 26. Nxe4 Qxg2 27. Rg1 Qxe4 28. Qxe4 Rxe4 29. b3 Bxh3 30. Kd2 Rf8 31. Kd3 Rff4 32. Rg3 Bf5 33. Kc3 a5 34. Rh1 Re2 35. Rc1 Rff2 36. b4 a4 37. b5 Rxa2 38. Rgg1 Rf3+ 39. Kb4 Rb3# 0-1